书目信息 |
| 题名: |
中国社会主义建设概论
|
|
| 作者: | 王书相 主编 | |
| 分册: | ||
| 出版信息: | 河北 河北教育出版社 1987 |
|
| 页数: | 390页 | |
| 开本: | 20cm | |
| 丛书名: | ||
| 单 册: | ||
| 中图分类: | D614 | |
| 科图分类: | 32.2094 | |
| 主题词: | 社会主义建设模式--中国 | |
| 电子资源: | ||
| ISBN: | ||
| 000 | 00775nam0 2200253 45 | |
| 001 | 0188012883 | |
| 005 | 20070710104854.25 | |
| 010 | @dCNY2.30 | |
| 091 | @b7509·227 | |
| 100 | @a19910417d1987 cm y0chiy0120 ea | |
| 101 | 0 | @achi |
| 102 | @aCN@b130000 | |
| 105 | @ay z 000yy | |
| 200 | 10 | @a中国社会主义建设概论@Azhong guo she hui zhu yi jian she gai lun@f王书相主编@Fwang shu xiang zhu bian |
| 210 | @a河北@c河北教育出版社@d1987 | |
| 215 | @a390页@d20cm | |
| 300 | @a河北省高等学校试用教材 | |
| 540 | 1 | @a中国社会主义建设概论@Azhong guo she hui zhu yi jian she gai lun |
| 606 | @a社会主义建设模式@y中国 | |
| 690 | @aD614@v1980 | |
| 692 | @a32.2094@v1974 | |
| 701 | 0 | @a王书相@Awang shu xiang@4主编 |
| 801 | 0 | @aCN@bTSSF@c20070710 |
| 905 | @a10447@dD614@e113 | |
| 中国社会主义建设概论/王书相主编.-河北:河北教育出版社,1987 |
| 390页;20cm |
| 河北省高等学校试用教材 |
| ISBN :CNY2.30 |
| ● |
| 相关链接 |
|
|
|
|
正题名:中国社会主义建设概论
索取号:D614/113
 
预约/预借
| 序号 | 登录号 | 条形码 | 馆藏地/架位号 | 状态 | 备注 |
| 1 | 0765003 | 207650031 | 第一样本阅览室/ [索取号:D614/113] | 在馆 |